| 000 | 01046nam a2200277Ia 4500 | ||
|---|---|---|---|
| 003 | OSt | ||
| 005 | 20221005110627.0 | ||
| 006 | a|||||r|||| 00| 0 | ||
| 007 | ta | ||
| 008 | 221004b |||||||| |||| 00| 0 hin d | ||
| 020 |
_a9789326352970 (hbk) _cIndian Rupees 300 |
||
| 024 | _a44130 | ||
| 037 |
_bGift, 06/06/2019, _cTextual |
||
| 040 |
_aCRL _cCRL _bhin |
||
| 041 |
_2hin _ahin |
||
| 082 | _aNW1, 152Q6 | ||
| 100 | _aतिवारी, श्रीराम, ले. | ||
| 245 | 0 | _aविश्व सिनेमा का सौन्दर्यबोध | |
| 246 | _aVishva sinemā kā saundaryabodha | ||
| 260 |
_aनई दिल्ली _bभारतीय ज्ञानपीठ भारत _c2016 |
||
| 300 |
_a243पृ0 _ccm. |
||
| 490 | _aलोकोदय ग्रन्थमाला; ग्रन्थांक 1246 | ||
| 650 | _aसिनेमा | ||
| 942 |
_hNW1, 152Q6 _cTEXL _2cc |
||
| 999 |
_c1019390 _d1019390 |
||